000 00881nam a2200325 a 4500
003 AR-BaBNM
005 20251128203014.0
008 082120s2002 ||||||||||||||000 | spa||
040 _cAR-BaBNM
100 1 _aGordon Childe, V.
245 0 0 _aQue sucedió en la historia
260 _aBuenos Aires
_bLeviatán
_c1956
300 _a313 p.
500 _aPosee una breve biografía del autor p. 309
650 4 _aHISTORIOGRAFIA
650 4 _aHISTORIOGRAFIA
650 4 _aFILOSOFIA DE LA HISTORIA
650 4 _aMETODO HISTORICO
650 4 _aESCRITURA HISTORICA
650 4 _aHISTORIA ANTIGUA
650 4 _aARQUEOLOGIA
650 4 _aPREHISTORIA
650 4 _aHOMBRE PREHISTORICO
650 4 _aEDAD DE BRONCE
650 4 _aEDAD DE PIEDRA
700 1 _aWeinberg, Gregorio
_eprologuista
700 1 _aDukelsky, Elena
_etraductor
942 _cBK
998 _cmariana
999 _c1475
_d1475